Statistics for 15 Largest Cities in Portugal🇵🇹

Click here to take the quiz!

General Stats

  • This quiz has been taken 36 times
  • The average score is 7 of 15

Answer Stats

PopulationCity% Correct
517kLisbon
100%
249kPorto
100%
121kBraga
94%
106kCoimbra
89%
100kFunchal
69%
70kVila Nova de Gaia
60%
117kSetubal
54%
178kAmadora
37%
55kEvora
34%
93kCacem
11%
66kLoures
11%
103kQueluz
11%
66kAlgueirao
6%
58kFelgueiras
6%
54kRio de Mouro
6%

Score Distribution

Percentile by Number Answered

Percent of People with Each Score

Your Score History

You have not taken this quiz